00798nam a2200193 a 4500008004100000020001500041050001600056100003300072245003200105260009700137300002300234350000900257500004000266650003300306700002200339995009400361999001700455952013200472060424s1992 ||||||||||||||||| || u a0944298680 aHF 5430 Ale aMuhlebach, Richard F., 1943-10aShopping center management  aChicago :bInstitute of Real Estate Management of the National Association of Realtorsc1992 axix, 403 p. : ill. a0.00 aIncludes bibliographical references aSHOPING CENTERS - MANAGEMENT aAlexander, Alan A D0.00FCBU-MAIN LIBRARY (Kitwe)H1I261.92UAVAILABLEZMain Library Open Access Collection c57414d57414 00102lcc4070a001b001cMain Library Open Access Collectiond2022-11-30l0oHF 5430 Alep024501r2022-11-30w2022-11-30y002